Foods beginning with V - Statistics

General Stats
  • This quiz has been taken 134 times
  • The average score is 5 of 8
Answer Stats
Picture Hint Answer % Correct
Vanilla
84%
Vegetables
83%
Vinegar
78%
Alcoholic drink Vodka
68%
Venison
59%
The spiciest curry Vindaloo
48%
Victoria Sponge
20%
Vol-au-vent
16%
No matching quizzes found
Score Distribution
Percent of People with Each Score
Percentile by Number Answered
Your Score History
You have not taken this quiz